000 00342 a2200157 4500
001 72223
020 _a8532245420
040 _cAnchieta - Colégio São Paulo
100 _aVieira, Isabel
240 1 0 _aEm busca de mim
_lpor
245 1 0 _aEm busca de mim
300 _a101
362 0 _a2001
650 4 _aLiteratura juvenil
942 _cBK
999 _c72223
_d72223